000
00262nam a22001217a 4500
082
_a
823
_b
UNK/S
100
_a
UNKNOWN
245
_a
SEVEN ONE ACT PLAYS
260
_a
LONDON
_b
OXFORD
_c
1987
300
_a
128
650
_a
ENGLISH STORY
_z
UNITED KINGDOM
942
_c
BK
999
_c
7595
_d
7595